| 000 -LEADER |
| fixed length control field |
nam a22 a 4500 |
| 003 - CONTROL NUMBER IDENTIFIER |
| control field |
AKMAL |
| 005 - DATE AND TIME OF LATEST TRANSACTION |
| control field |
20170512163439.0 |
| 008 - FIXED-LENGTH DATA ELEMENTS--GENERAL INFORMATION |
| fixed length control field |
1705 s2002 my g|| o100 0 eng d |
| 039 #9 - LEVEL OF BIBLIOGRAPHIC CONTROL AND CODING DETAIL [OBSOLETE] |
| Level of rules in bibliographic description |
200508121404 |
| Level of effort used to assign nonsubject heading access points |
suryawani |
| Level of effort used to assign subject headings |
200504291507 |
| Level of effort used to assign classification |
suryawani |
| Level of effort used to assign subject headings |
200504220916 |
| Level of effort used to assign classification |
suriani |
| Level of effort used to assign subject headings |
200503241143 |
| Level of effort used to assign classification |
suriani |
| 040 ## - CATALOGING SOURCE |
| Original cataloging agency |
AKMAL |
| Transcribing agency |
AKMAL |
| 043 ## - GEOGRAPHIC AREA CODE |
| Geographic area code |
a-my-- |
| 049 00 - LOCAL HOLDINGS (OCLC) |
| Holding library |
mal |
| 082 04 - DEWEY DECIMAL CLASSIFICATION NUMBER |
| Classification number |
351.595 |
| Edition number |
22 |
| 090 00 - LOCALLY ASSIGNED LC-TYPE CALL NUMBER (OCLC); LOCAL CALL NUMBER (RLIN) |
| Classification number (OCLC) (R) ; Classification number, CALL (RLIN) (NR) |
351.595 |
| Local cutter number (OCLC) ; Book number/undivided call number, CALL (RLIN) |
NAT |
| 111 2# - MAIN ENTRY--MEETING NAME |
| Meeting name or jurisdiction name as entry element |
National Civil Service Conference |
| Number of part/section/meeting |
(7th : |
| Date of meeting |
2002 : |
| Location of meeting |
Kuala Lumpur) |
| 9 (RLIN) |
4179 |
| 245 10 - TITLE STATEMENT |
| Title |
Globalisation : meeting future challenges : |
| Remainder of title |
summary of proceedings of the 7th National Civil Service Conference, 11-13 July 2002 / |
| Statement of responsibility, etc. |
edited by Muhamad Hamzah ; jointly organised by National Institute of Public Administration (INTAN) Public Service Department Malaysia [and] Administrative and Diplomatic Service Association (PPTD) Malaysia |
| 260 ## - PUBLICATION, DISTRIBUTION, ETC. |
| Place of publication, distribution, etc. |
[S.l. : |
| Name of publisher, distributor, etc. |
s.n., |
| Date of publication, distribution, etc. |
2002?] |
| 300 ## - PHYSICAL DESCRIPTION |
| Extent |
xvii, 63p. ; |
| Dimensions |
21cm. |
| 650 10 - SUBJECT ADDED ENTRY--TOPICAL TERM |
| Topical term or geographic name entry element |
Civil service |
| Geographic subdivision |
Malaysia |
| Form subdivision |
Congresses |
| 9 (RLIN) |
4105 |
| 650 20 - SUBJECT ADDED ENTRY--TOPICAL TERM |
| Topical term or geographic name entry element |
Public administration |
| Geographic subdivision |
Malaysia |
| Form subdivision |
Congresses |
| 9 (RLIN) |
4106 |
| 650 20 - SUBJECT ADDED ENTRY--TOPICAL TERM |
| Topical term or geographic name entry element |
Personnel management |
| Geographic subdivision |
Malaysia |
| Form subdivision |
Congresses |
| 9 (RLIN) |
4160 |
| 650 20 - SUBJECT ADDED ENTRY--TOPICAL TERM |
| Topical term or geographic name entry element |
Globalization |
| General subdivision |
Social aspects |
| -- |
Congresses |
| 9 (RLIN) |
4180 |
| 650 20 - SUBJECT ADDED ENTRY--TOPICAL TERM |
| Topical term or geographic name entry element |
Globalization |
| General subdivision |
Economic aspects |
| Form subdivision |
Congresses |
| 9 (RLIN) |
4181 |
| 700 0# - ADDED ENTRY--PERSONAL NAME |
| Personal name |
Muhamad Hamzah |
| 9 (RLIN) |
4063 |
| 710 2# - ADDED ENTRY--CORPORATE NAME |
| Corporate name or jurisdiction name as entry element |
Institut Tadbiran Awam Negara |
| 9 (RLIN) |
410 |
| 710 2# - ADDED ENTRY--CORPORATE NAME |
| Corporate name or jurisdiction name as entry element |
Persatuan Perkhidmatan Tadbir dan Diplomatik |
| 9 (RLIN) |
4110 |
| 942 ## - ADDED ENTRY ELEMENTS (KOHA) |
| Source of classification or shelving scheme |
|
| Koha item type |
Book |